000 01219cam a2200313Ia 4500
001 82556973
003 OCoLC
005 20200507194427.0
008 070209s2006 mx a c 000 0 spa d
020 _a970200831X :
_c$12.95
020 _a9789702008316 :
_c$12.95
040 _aHCO
_cHCO
_dBAKER
_dLNQ
041 _aspa
100 1 _aCortes Hernandez, Santiago.
245 1 3 _aEl hombre que se convirtio en toro y otras historias de la Inquisicion /
_cSantiago Cortes Hernandez ; ilustraciones, Edgar Clement.
250 _a1. ed.
260 _aMexico, D. F. :
_bCastillo,
_c2006.
300 _a57 p. :
_bcol. ill. ;
_c21 cm.
440 0 _aOtra escalera.
520 _aStories from the history of the Inquisition in New Spain.
650 0 _aInquisition
_zNew Spain
_vJuvenile literature.
650 0 _aInquisition
_zMexico
_zSan Juan del Rio (Queretaro)
_vJuvenile literature.
650 7 _aInquisicion
_zNueva Espana
_vLiteratura juvenil.
_2bidex.
650 7 _aInquisicion
_zMexico
_zSan Juan del Rio (Queretaro)
_vLiteratura juvenil.
_2bidex.
651 0 _aNew Spain
_xHistory
_vJuvenile literature.
651 7 _aNueva Espana
_xHistoria
_vLiteratura juvenil.
_2bidex.
700 1 _aClement, Edgar.
942 _cBK
999 _c24579
_d24579